| 000 | 01313cam a2200313 a 4500 | ||
|---|---|---|---|
| 999 |
_c17317 _d17317 |
||
| 008 | 021031s2004 ohua b 001 0 eng | ||
| 020 | _a0324163703 | ||
| 050 | 0 | 0 |
_aHB171.5 _b.A695 2004 |
| 100 | 1 | _aArnold, Roger A. | |
| 245 | 1 | 0 |
_aEconomics / _cRoger A. Arnold. |
| 250 | _a6th ed. | ||
| 260 |
_aMason, Ohio : _bThomson/South-Western, _cc2004. |
||
| 300 |
_axxv, [21], 858 p. : _bcol. ill. ; _c28 cm. |
||
| 504 | _aIncludes bibliographical references and index. | ||
| 650 | 0 | _aEconomics. | |
| 942 |
_2lcc _cBOOKS _hHB171.5 .A695 2004 |
||